Akzent und vokalismus im Althebraischen : mit Beitragen zur vergleichenden semitischen Sprachwissenschaft.

محفوظ في:

المؤلف الرئيسي: Birkeland, Harris, 1904-1961.

التنسيق: كتاب

اللغة: German

منشور في: Oslo : I kommisjon hos J. Dybwad, 1940.

سلاسل: Skrifter utg. av det Norske videnskaps-akademi i Oslo. II. Hist.-filos. klasse ; 1940, no. 3.

الموضوعات:

الوسوم: إضافة وسم

لا توجد وسوم, كن أول من يضع وسما على هذه التسجيلة!

رقم الطلب: PJ4581 .B7

LEADER 00790nam a22002177a 4500
003 OSt
005 20251110085100.0
008 251110t1940 no 000 0 ger
010 |a  54049630  
040 |c ARCE Library 
050 1 4 |a PJ4581  |b .B7 
100 1 |a Birkeland, Harris,  |d 1904-1961. 
245 1 0 |a Akzent und vokalismus im Althebraischen :   |b mit Beitragen zur vergleichenden semitischen Sprachwissenschaft. 
264 1 |a Oslo :   |b I kommisjon hos J. Dybwad,   |c 1940. 
300 |a 130 pages ;   |c 28 cm. 
490 0 |a Skrifter utg. av det Norske videnskaps-akademi i Oslo. II. Hist.-filos. klasse ;   |v 1940, no. 3. 
650 0 |a Canaanite language  |x Accents and accentuation. 
650 0 |a Hebrew language  |x Accents and accentuation. 
901 |a reviewed 
942 |2 lcc  |c BK 
999 |c 56936  |d 56936